"Arizace" a arizátoři : drobný a střední židovský majetek v úvěrech Kreditanstalt der Deutschen (1939-45) / Drahomír Jančík, Eduard Kubů
Studie zkoumá proces arizace drobného a středního židovského majetku z hlediska činnosti nacistického peněžního ústavu Kreditanstalt der Deutschen.
Record details
- ISBN: 80-246-1000-0 (brož.)
- Physical Description: 481 s. ; 22 cm
- Edition: Vyd. 1.
- Publisher: Praha : Karolinum, 2005
Content descriptions
| Bibliography, etc. Note: | Obsahuje bibliografii, bibliografické odkazy a rejstříky |
| Language Note: | Anglické resumé |
| Issuing Body Note: | Vydavatel: Univerzita Karlova |
Available copies
- 1 of 1 copy available at Common Catalog SPOK.
Holds
- 0 current holds with 1 total copy.
Show Only Available Copies
| Location | Call Number / Copy Notes | Barcode | Shelving Location | Status | Due Date |
|---|---|---|---|---|---|
| Terezin Initiative Institute | 4844 | 4594304844 | Knihovna ITI | Available | - |
| LDR | 02477cam a2200601 a 4500 | ||
|---|---|---|---|
| 001 | 27391 | ||
| 003 | CZ-PrJAB | ||
| 005 | 20230209091323.0 | ||
| 008 | 050614s2005 xr gr 001 0 cze | ||
| 015 | . | ‡acnb001575951 | |
| 020 | . | ‡a80-246-1000-0 (brož.) | |
| 035 | . | ‡a(CONS)2210 | |
| 035 | . | ‡a(CZ PrSKC)nkc20051575951 | |
| 035 | . | ‡a(OCoLC)62174104 | |
| 040 | . | ‡aBOA001 ‡bcze ‡dABA001 | |
| 041 | 0 | . | ‡acze ‡aeng |
| 080 | . | ‡a336.7 ‡2MRF | |
| 080 | . | ‡a336.77 ‡2MRF | |
| 080 | . | ‡a347.232.1(=411.16) ‡2MRF | |
| 080 | . | ‡a347.2(=411.16) ‡2MRF | |
| 080 | . | ‡a304.2/.4(=112.2) ‡2MRF | |
| 080 | . | ‡a(437.3) ‡2MRF | |
| 080 | . | ‡a(048.8) ‡2MRF | |
| 100 | 1 | . | ‡aJančík, Drahomír, ‡d1948- ‡7jn20000401210 ‡4aut |
| 245 | 1 | 0. | ‡a"Arizace" a arizátoři : ‡bdrobný a střední židovský majetek v úvěrech Kreditanstalt der Deutschen (1939-45) / ‡cDrahomír Jančík, Eduard Kubů |
| 250 | . | ‡aVyd. 1. | |
| 260 | . | ‡aPraha : ‡bKarolinum, ‡c2005 | |
| 300 | . | ‡a481 s. ; ‡c22 cm | |
| 504 | . | ‡aObsahuje bibliografii, bibliografické odkazy a rejstříky | |
| 520 | 9 | . | ‡aStudie zkoumá proces arizace drobného a středního židovského majetku z hlediska činnosti nacistického peněžního ústavu Kreditanstalt der Deutschen. |
| 546 | . | ‡aAnglické resumé | |
| 550 | . | ‡aVydavatel: Univerzita Karlova | |
| 700 | 1 | . | ‡aKubů, Eduard, ‡d1951- ‡7jn20000401528 ‡4aut |
| 710 | 2 | . | ‡aUniverzita Karlova ‡7kn20010710036 |
| 852 | 4 | . | ‡bJACH-ITI ‡bJACH-ITI ‡cKnihovna ITI ‡j4844 ‡p4844 ‡y$0.00 |
| 910 | . | ‡aABE340 ‡b4844 | |
| 995 | . | ‡askok | |
| 901 | . | ‡a27391 ‡bISxN ‡c27391 ‡tbiblio | |